书目信息 |
| 题名: |
日用手工技艺
|
|
| 作者: | 黎思贤 著 | |
| 分册: | 2 | |
| 出版信息: | 北京 轻工业出版社 1981 |
|
| 页数: | 103页 | |
| 开本: | 19cm | |
| 丛书名: | ||
| 单 册: | ||
| 中图分类: | TS95 | |
| 科图分类: | ||
| 主题词: | 轻工业 , 手工业 | |
| 电子资源: | ||
| ISBN: | ||
| 000 | 00637nam0 2200253 45 | |
| 001 | 0181004049 | |
| 005 | 20040517175223.6 | |
| 010 | @dCNY0.40 | |
| 091 | @a13042.008 | |
| 100 | @a19950622d1981 em y0chiy0121 ea | |
| 101 | 0 | @achi |
| 102 | @aCN@b110000 | |
| 105 | @ay z 000yy | |
| 106 | @ar | |
| 200 | 10 | @a日用手工技艺@h2@Ari yong shou gong ji yi@f黎思贤著 |
| 210 | @a北京@c轻工业出版社@d1981 | |
| 215 | @a103页@d19cm | |
| 606 | 0 | @a轻工业 |
| 606 | 0 | @a手工业 |
| 690 | @aTS95@v3 | |
| 701 | 0 | @a黎思贤@Ali si xian@4著 |
| 801 | 0 | @aCN@b上海图书馆@c20040517 |
| 801 | 2 | @aCN@bNLC@c20040517 |
| 905 | @dTS95@e11:2@f2@b55167-168 | |
| 日用手工技艺.2/黎思贤著.-北京:轻工业出版社,1981 |
| 103页;19cm |
| ISBN :CNY0.40 |
| ● |
| 相关链接 |
|
|
|
|
正题名:日用手工技艺
索取号:TS95/11:2
 
预约/预借
| 序号 | 登录号 | 条形码 | 馆藏地/架位号 | 状态 | 备注 |
| 1 | 0055167 | 001478350 | 第三借阅区/ [索取号:TS95/11:2] | 在馆 | |
| 2 | 0055168 | 001478369 | 第三借阅区/ [索取号:TS95/11:2] | 在馆 | |
| 3 | 0055169 | 001478298 | 第二样本阅览室/ [索取号:TS95/11:2] | 在馆 |